00773nam a22001937a 4500003000200000005001700002008004100019050002400060100002300084245009100107260007100198300006100269500003800330504005600368650007800424650004600502942001200548999001900560020250405132757.0250405b xxu||||| |||| 00| 0 eng d aLB 2911b.C86 2019 aCuneta, Raymond P. aSchool management system project plan for south mansfield collegecCuneta, Raymond P.  aLas Pinas CitybSouthville International School and Collegesc2019 aix, 63 pages:bcolored illustration and pictures;c28cm. aMaster in Information Technology. aIncludes bibliographical references and appendices. aSchool management and organization -- School management and organization. aSouth Mansfield College—Administration. 2lcccBK c367378d367378